000 01093nam a2200349 a 4500
999 _c8336
_d8336
001 8336
003 BD-JhCC
005 20220322134023.0
008 180222s1982 maua 001 0 eng d
020 _a0201071991 (pbk.)
020 _a0201071959
035 _a(BD-JhCC)8336
040 _aBD-JhCC
_dBD-JhCC
041 _aeng
050 0 _aQC21.2
_bS36 1982
082 _bSEA 1982
_a530.0711
100 1 _aSears, Francis Weston,
_d1898-1975.
245 1 0 _aUniversity physics :
_bMechanics, Heat, and Sound /
_cFrancis W. Sears, Mark W. Zemansky, Hugh D. Young.
250 _a2nd ed.
260 _aReading, Mass. ;
_aLondon :
_bAddison-Wesley Pub. Co,
_cc1982.
300 _axiii, 454 p. :
_bill. ;
_c27 cm.
490 1 _aAddison-Wesley series in physics
490 1 _aAddison-Wesley world student series.
504 _aIncludes index.
650 0 _aPhysics.
700 1 _aYoung, Hugh D.
700 1 _aZemansky, Mark Waldo,
_d1900-1981.
830 0 _aAddison-Wesley series in physics
830 0 _aAddison-Wesley world student series.
942 _2ddc
_cBK
_02